| 000 | 00573nam a22002057a 4500 | ||
|---|---|---|---|
| 005 | 20260515115053.0 | ||
| 008 | 250303b |||||||| |||| 00| 0 eng d | ||
| 020 | _a9788192994406 | ||
| 040 |
_aIN-DiNC _cIN-DiNC |
||
| 041 | _deng | ||
| 082 |
_a 398.0954162 _bGOG |
||
| 100 |
_aGogoi, Dipankar _eEditor |
||
| 245 |
_aAsomor prekshapatat Pahar- bhoiyamor sambandha/ _cby Dipankar Gogoi |
||
| 250 | _a1st ed. | ||
| 260 |
_aNaharkatiya: _bPrakashan Bibhag, _c2015. |
||
| 300 | _a263p. | ||
| 650 | _aHomaj Hogskriti | ||
| 700 |
_aDipankar Gogoi _eEditor |
||
| 942 |
_2ddc _cBK |
||
| 999 |
_c12079 _d12079 |
||